Statistiken für Größte Städte der Achsenmächte

Klicken Sie hier um das Quiz zu spielen!

Allgemein

  • Dieses Quiz wurde 681 mal gespielt
  • Das Durchschnittsergebnis liegt bei 21 aus 41

Antwortstatistiken

Bevölkerung Stadt % Korrekt
4,63 Mio.Berlin
96%
39,9 Mio.Tokio
94%
11,3 Mio.Paris
90%
3,60 Mio.Rom
88%
20,0 Mio.Peking
85%
2,25 Mio.München
81%
2,83 Mio.Hamburg
80%
2,30 Mio.Warschau
78%
2,23 Mio.Wien
78%
29,5 Mio.Shanghai
76%
5,15 Mio.Mailand
73%
2,43 Mio.Amsterdam
67%
30,3 Mio.Jakarta
61%
7,35 Mio.Hongkong
61%
4,23 Mio.Neapel
60%
17,7 Mio.Osaka
58%
24,6 Mio.Seoul
58%
2,58 Mio.Budapest
56%
24,6 Mio.Manila
55%
3,38 Mio.Athen
55%
2,20 Mio.Bukarest
52%
18,4 Mio.Bangkok
52%
3,23 Mio.Frankfurt
50%
3,45 Mio.Kiew
49%
7,75 Mio.Singapur
49%
45,6 Mio.Guangzhou
47%
2,38 Mio.Stuttgart
46%
8,45 Mio.Kuala Lumpur
43%
3,20 Mio.Rotterdam
35%
9,10 Mio.Taipeh
33%
8,35 Mio.Ho-Chi-Minh-Stadt
31%
2,58 Mio.Tunis
31%
10,5 Mio.Nagoya
27%
6,60 Mio.Nanjing
23%
12,7 Mio.Tianjin
22%
9,80 Mio.Xiamen
21%
8,70 Mio.Wuhan
19%
3,65 Mio.Addis Abeba
16%
8,25 Mio.Hangzhou
10%
7,85 Mio.Shenyang
8%
7,70 Mio.Shantou
6%

Verteilung der Resultate

Perzentil nach korrekt beantworteten Fragen

Anzahl Personen mit jedem Resultat

Ihre Resultats-Entwicklung

Sie haben dieses Quiz noch nicht gespielt